L'œuvre de Wilhelm Reich.
| Μορφή: | Βιβλίο |
|---|---|
| Γλώσσα: | English |
| Έκδοση: |
Paris,
F. Maspéro,
1970.
|
| LEADER | 00467nam a22000977a 4500 | ||
|---|---|---|---|
| 008 | 190927s1970 fr ||||| |||| 00| 0 eng d | ||
| 952 | |0 0 |1 0 |2 ddc |4 0 |6 150_000000000000000_SIN_ΣΥ_Κ |7 0 |9 235594 |a ARCH |b ARCH |c DON |d 2019-09-27 |i 013123 |l 0 |o 150 SIN ΣΥ.Κ |p 025000213018 |r 2019-09-27 00:00:00 |t 1 |w 2019-09-27 |y BKD |z ΣΥΛΛΟΓΗ ΚΑΣΙΜΑΤΗ | ||
| 999 | |c 142725 |d 142725 | ||
| 100 | 1 | |a Sinelnikoff, Constantin |e |9 178049 | |
| 245 | 0 | 2 | |a L'œuvre de Wilhelm Reich. |
| 260 | |a Paris, |b F. Maspéro, |c 1970. | ||